|
|
|
|
| LEADER |
02045nam a22003617a 4500 |
| 001 |
34067 |
| 003 |
BD-DhAAL |
| 005 |
20211213162852.0 |
| 008 |
181213t2015 njua|||| |||| 001 0 eng d |
| 999 |
|
|
|c 40361
|d 40361
|
| 020 |
|
|
|a 9781119382973
|
| 040 |
|
|
|a BD-DhAAL
|
| 082 |
|
|
|a 629.8
|2 23
|
| 100 |
|
|
|a Nise. Norman S.
|9 29144
|
| 245 |
|
|
|a Nise's Control systems engineering /
|c Norman S Nise
|
| 246 |
|
|
|a Control systems engineering
|
| 250 |
|
|
|a Seventh Global edition
|
| 260 |
|
|
|a Hoboken, New Jersey :
|b John Wiley & Sons,
|c 2015
|
| 300 |
|
|
|a xvi, 919 pages :
|b illustrations ;
|c 26 cm.
|
| 504 |
|
|
|a Includes bibliographical references and index.
|
| 526 |
|
|
|a EEE
|
| 541 |
|
|
|a STS International
|e 34067, 34068, 34069, 34070, 34071
|
| 650 |
|
|
|a Automatic control
|x Textbooks
|9 29145
|
| 650 |
|
|
|a Systems engineering
|x Textbooks
|9 29146
|
| 650 |
|
|
|a Automatic control.
|9 29147
|
| 650 |
|
|
|a Electrical engineering.
|9 42641
|
| 852 |
|
|
|a Ayesha Abed Library
|c General Stacks
|
| 942 |
|
|
|2 ddc
|c BK
|
| 952 |
|
|
|0 0
|1 0
|2 ddc
|4 0
|6 629_800000000000000_NIS
|7 0
|9 64793
|a BRACUL
|b BRACUL
|c GEN
|d 2018-12-10
|e STS International
|g 4590.00
|l 8
|m 105
|o 629.8 NIS
|p 3010034071
|r 2026-05-05
|s 2026-02-03
|t 5
|v 4590.00
|w 2018-12-10
|y BK
|
| 952 |
|
|
|0 0
|1 0
|2 ddc
|4 0
|6 629_800000000000000_NIS
|7 0
|9 64794
|a BRACUL
|b BRACUL
|c GEN
|d 2018-12-10
|e STS International
|g 4590.00
|l 14
|m 103
|o 629.8 NIS
|p 3010034070
|r 2026-05-16
|s 2026-02-03
|t 4
|v 4590.00
|w 2018-12-10
|y BK
|
| 952 |
|
|
|0 0
|1 0
|2 ddc
|4 0
|6 629_800000000000000_NIS
|7 0
|9 64795
|a BRACUL
|b BRACUL
|c CIR
|d 2018-12-10
|e STS International
|g 4590.00
|l 0
|o 629.8 NIS
|p 3010034069
|r 2018-12-10
|t 3
|v 4590.00
|w 2018-12-10
|y 1HOUR
|
| 952 |
|
|
|0 0
|1 0
|2 ddc
|4 0
|6 629_800000000000000_NIS
|7 0
|9 64796
|a BRACUL
|b BRACUL
|c GEN
|d 2018-12-10
|e STS International
|g 4590.00
|l 13
|m 152
|o 629.8 NIS
|p 3010034068
|q 2026-05-18
|r 2026-02-22
|s 2026-02-22
|t 2
|v 4590.00
|w 2018-12-10
|y BK
|
| 952 |
|
|
|0 0
|1 0
|2 ddc
|4 0
|6 629_800000000000000_NIS
|7 0
|9 64797
|a BRACUL
|b BRACUL
|c GEN
|d 2018-12-10
|e STS International
|g 4590.00
|l 11
|m 115
|o 629.8 NIS
|p 3010034067
|q 2026-05-20
|r 2026-03-01
|s 2026-03-01
|t 1
|v 4590.00
|w 2018-12-10
|y BK
|